| 000 | 01038cam a2200337 a 4500 | ||
|---|---|---|---|
| 999 |
_c6620 _d6620 |
||
| 001 | 895805 | ||
| 003 | OSt | ||
| 005 | 20210208104019.0 | ||
| 008 | 990908s1999 enka b 001 0 eng d | ||
| 015 | _aGB99-23675 | ||
| 020 | _a9780582327887 | ||
| 020 | _a0582327881 | ||
| 040 |
_aUKM _cUKM |
||
| 041 | 0 | 9 | _aeng |
| 042 | _anlmcopyc | ||
| 082 | 0 | 4 |
_a003 _bATT 1999 |
| 100 | 1 |
_aAttwood, Teresa K.; Parry-Smith, David J. _913619 |
|
| 245 | 1 | 0 | _aIntroduction to Bioinformatics |
| 260 |
_aHarlow; _bLongman, _c1999. |
||
| 300 |
_axx, 218 p. : _bill. ; _c24 cm. |
||
| 336 |
_atext _btxt _2rdacontent |
||
| 337 |
_aunmediated _bn _2rdamedia |
||
| 338 |
_avolume _bnc _2rdacarrier |
||
| 490 | 1 | _aCell and molecular biology in action series | |
| 504 | _aIncludes bibliographical references and index. | ||
| 650 | 1 | 2 |
_aComputational Biology _0https://id.nlm.nih.gov/mesh/D019295 _913620 |
| 830 | 0 |
_aCell and molecular biology in action _913622 |
|
| 942 |
_2ddc _cO_SHELF |
||
| 987 | _aJCY19990908 | ||